| 000 | 00502nam a2200217Ia 4500 | ||
|---|---|---|---|
| 003 | 0100 | ||
| 008 | 130307s9999 xx 000 0 und d | ||
| 040 | _cARRUPELIB | ||
| 050 | _aBD23.B72 | ||
| 100 | _aBrunner, August | ||
| 245 | _aFundamental Questions of philosophy | ||
| 260 | _aLONDON | ||
| 260 | _bB. Herder book | ||
| 260 | _c1937 | ||
| 300 | _a350p. | ||
| 300 | _b21cm | ||
| 650 | _aPHILOSOPHY | ||
| 650 | _bCatholic Church--Doctrines | ||
| 650 | _cTheology, Doctrinal | ||
| 942 | 0 | 0 | _01 |
| 999 |
_c94425 _d94425 |
||